Zgadnij celebrytę po zdjęciu #10 - Statystyki

Ogólne statystyki
  • Ten quiz został rozwiązany 38 razy
  • Średni wynik to 6 z 16
Statystyki odpowiedzi
Obrazkowy Odpowiedź % Poprawnych
Eminem
94%
Adam Sandler
81%
Adriana Lima
63%
Tom Hanks
63%
Paul Walker
56%
Jimmy Fallon
44%
Adrien Brody
41%
Elizabeth Olsen
41%
Denzel Washington
31%
Mila Kunis
31%
Heath Ledger
25%
Dylan O'Brien
22%
James Franco
16%
Clint Estwood
13%
Brittany Murphy
9%
Jeff Goldblum
9%
Nie znaleziono quizów pasujących do podanych kryteriów
Rozkład punktacji
Procent ludzi z każdym wynikiem
Percentyl według liczby udzielonych odpowiedzi
Twoja historia wyników
Nie rozwiązałeś tego quizu